Kraje, które były na Eurowizji - Statystyki

Ogólne statystyki
  • Ten quiz został rozwiązany 89 razy
    44 od ostatniego zresetowania
  • Średni wynik to 45 z 52
Statystyki odpowiedzi
Status państwa Rok 1. występu Odpowiedź % Poprawnych
Czynny udział 1957 Austria
100%
Czynny udział 1994 Polska
100%
Czynny udział 1956 Szwajcaria
100%
Czynny udział 1958 Szwecja
100%
Brak czynnego udziału 1994 Słowacja
96%
Czynny udział 2006 Armenia
93%
Czynny udział 1956 Belgia
93%
Czynny udział 1961 Finlandia
93%
Czynny udział 1956 Francja
93%
Czynny udział 1961 Hiszpania
93%
Czynny udział 1956 Luksemburg
93%
Brak czynnegoudziału 1994 Rosja
93%
Czynny udział 1993 Słowenia
93%
Czynny udział 2003 Ukraina
93%
Czynny udział 1957 Wielka Brytania
93%
Czynny udział 2004 Albania
89%
Brak czynnegoudziału 2004 Białoruś
89%
Czynny udział 2007 Czarnogóra
89%
Czynny udział 2007 Czechy
89%
Czynny udział 1951 Dania
89%
Czynny udział 1994 Estonia
89%
Czynny udział 1956 Holandia
89%
Czynny udział 1994 Litwa
89%
Czynny udział 2005 Mołdawia
89%
Czynny udział 2007 Serbia
89%
Brak czynnego udziału 1975 Turcja
89%
Czynny udział 1956 Włochy
89%
Brak czynnego udziału 2004 Andora
85%
Czynny udział 1974 Grecja
85%
Czynny udział 1965 Irlandia
85%
Czynny udział 1986 Islandia
85%
Czynny udział 2000 Łotwa
85%
Czynny udział 1971 Malta
85%
Brak czynnegoudziału 1959 Monako
85%
Czynny udział 1956 Niemcy
85%
Czynny udział 1960 Norwegia
85%
Czynny udział 1964 Portugalia
85%
Czynny udział 1994 Rumunia
85%
Brak czynnego udziału 1994 Węgry
85%
Czynny udział 2015 Australia
81%
Czynny udział 2005 Bułgaria
81%
Czynny udział 2007 Gruzja
81%
Czynny udział 2008 San Marino
81%
Czynny udział 1993 Chorwacja
78%
Czynny udział 1973 Izrael
78%
Czynny udział 2008 Azerbejdżan
74%
Czynny udział 1981 Cypr
74%
Brak czynnegoudziału 1993 Bośniai Hercegowina
67%
Państwo nieistniejące 1961 Jugosławia
67%
Czynny udział 1998 MacedoniaPółnocna
67%
Brak czynnegoudziału 1980 Maroko
63%
Państwonieistniejące 2004 Serbia i Czarnogóra
48%
Nie znaleziono quizów pasujących do podanych kryteriów
Rozkład punktacji
Procent ludzi z każdym wynikiem
Percentyl według liczby udzielonych odpowiedzi
Twoja historia wyników
Nie rozwiązałeś tego quizu od ostatniego zresetowania